| 000 | 02057 a2200241 4500 | ||
|---|---|---|---|
| 001 | 21207 | ||
| 005 | 20260407155502.0 | ||
| 008 | 260407a2008 arg spa d | ||
| 003 | AR-UNSa-BCEJYS | ||
| 040 |
_aAR-UNSa-BCEJYS _bspa _cAR-UNSa-BCEJYS |
||
| 080 |
_a330 _xEconomía en general |
||
| 245 | 1 | 0 |
_aEconomía _pprincipios y aplicaciones |
| 020 | _a978-970-10-6794-9 | ||
| 250 | _a4a. ed. | ||
| 264 | 1 |
_aMéxico : _bMcGraw-Hill _c2008 |
|
| 300 |
_axviii, 619 p. _c27 cm. |
||
| 505 | _a1. La economía: concetos básicos - 2. La oferta, la demanda y el mercado: aplicaciones - 3. La elasticidad y sus aplicaciones - 4. La demanda y el comportamiento del consumidor - 5. La empresa: producción, costos y beneficios - 6. La empresa en los mercados de competencia perfecta - 7. El monopolio - 8. El oligopolio - 9. La retribución de los factores: el mercado de trabajo - 10. Eficiencia y fallas del mercado: externalidades, bienes públicos e información imperfecta - 11. El papel del estado en la economía: la distribución del ingreso, los impuestos y la regulación - 12. Una visión global: la macroeconomía - 13. La medición del PIB: del PIB al ingreso disponible - 14. El equilibrio del mercado de bienes: el modelo Heynesiano y la política fiscal - 15. Funciones del dinero - 16. El banco central, el equilibrio del mercado de dinero y la política monetaria - 17. El comercio internacional y la balanza de pagos - 18. El mercado de divisas - 19. La oferta agregada y la curva de Phillips: inflación y desempleo - 20. Los políticas macroeconómicas en los modelos clásico, Heynesiano y de la sintesís - 21. Los ciclos económicos: fluctuaciones de la producción y del empleo - 22. El crecimiento económico y el desarrollo - 23. La globalización, la tecnología y la nueva economía | ||
| 942 | _cBK | ||
| 590 | _aniveau_biblio:m niveau_hierar:0 | ||
| 100 | 1 | _aMochón Morcillo, Francisco | |
| 700 | 1 | _aBeker, Víctor Alberto | |
| 856 | 4 | 1 |
_uhttps://www.biblioeco.unsa.edu.ar/pmb/images/libros/L119223.jpg _yImagen de portada _qimage/jpeg |
| 999 |
_c782 _d782 |
||